000 00520nam a2200133Ia 4500
005 20260209120134.0
008 260209s9999||||xx |||||||||||||| ||und||
100 _aManjeeta Kumari
245 0 _aEmpowerment of rural women of India : constitutional legal dimensions
260 _aBangaloreBangalore
_bNLSIU
_c2014
300 _a122 p. ; 25 cm.
700 _aProf. T V Subba rao - Guide Prof. V S Mallar - GuideProf. T V Subba rao - Guide Prof. V S Mallar - Guide
856 _uhttps://dans.nls.ac.in/handle/123456789/1702
999 _c217159
_d217159